|
|
|
|
| LEADER |
00000cam a22000004a 4500 |
| 001 |
musev2_68989 |
| 003 |
MdBmJHUP |
| 005 |
20230905051130.0 |
| 006 |
m o d |
| 007 |
cr||||||||nn|n |
| 008 |
081112s2008 ncu o 00 0 eng d |
| 020 |
|
|
|a 9780822390480
|
| 020 |
|
|
|z 9780822340812
|
| 020 |
|
|
|z 9780822340607
|
| 035 |
|
|
|a (OCoLC)1139388619
|
| 040 |
|
|
|a MdBmJHUP
|c MdBmJHUP
|
| 100 |
1 |
|
|a Lesser, Jeff.
|
| 245 |
1 |
2 |
|a A Discontented Diaspora :
|b Japanese Brazilians and the Meanings of Ethnic Militancy, 1960-1980 /
|c Jeffrey Lesser.
|
| 264 |
|
1 |
|a Durham :
|b Duke University Press,
|c 2007.
|
| 264 |
|
3 |
|a Baltimore, Md. :
|b Project MUSE,
|c 2020
|
| 264 |
|
4 |
|c ©2007.
|
| 300 |
|
|
|a 1 online resource (256 pages):
|b illustrations, map
|
| 336 |
|
|
|a text
|b txt
|2 rdacontent
|
| 337 |
|
|
|a computer
|b c
|2 rdamedia
|
| 338 |
|
|
|a online resource
|b cr
|2 rdacarrier
|
| 505 |
0 |
|
|a Prologue: The Limits of Flexibility -- Introduction: The Pacific Rim in the Atlantic World -- 1. Brazil's Japan: Film and the Space of Ethnicity, 1960/1970 -- 2. Beautiful Bodies and (Dis)Appearing Identities: Contesting Images of Japanese-Brazilian Ethnicity, 1970/1980 -- 3. Machine Guns and Honest Faces: Japanese-Brazilian Ethnicity and Armed Struggle, 1964/1980 -- 4. Two Deaths Remembered -- 5. How Shizuo Osawa Became "Mario the Jap" -- Epilogue: Diaspora and Its Discontents.
|
| 520 |
|
|
|a Analyzes the experiences of a generation of Japanese-Brazilians in Sao Paulo during the most authoritarian period of military rule in order to ask questions about ethnicity, the nature of diasporic identity, and Brazilian culture.
|
| 546 |
|
|
|a English.
|
| 588 |
|
|
|a Description based on print version record.
|
| 650 |
|
7 |
|a National characteristics, Brazilian.
|2 fast
|0 (OCoLC)fst01033375
|
| 650 |
|
7 |
|a Japanese
|x Ethnic identity.
|2 fast
|0 (OCoLC)fst00981373
|
| 650 |
|
7 |
|a HISTORY
|z Latin America
|z South America.
|2 bisacsh
|
| 650 |
|
7 |
|a SOCIAL SCIENCE
|x Minority Studies.
|2 bisacsh
|
| 650 |
|
7 |
|a SOCIAL SCIENCE
|x Ethnic Studies
|x General.
|2 bisacsh
|
| 650 |
|
7 |
|a SOCIAL SCIENCE
|x Discrimination & Race Relations.
|2 bisacsh
|
| 650 |
|
7 |
|a SOCIAL SCIENCE
|x Anthropology
|x Cultural.
|2 bisacsh
|
| 650 |
|
6 |
|a Bresiliens.
|
| 650 |
|
0 |
|a National characteristics, Brazilian.
|
| 650 |
|
0 |
|a Japanese
|z Brazil
|x Ethnic identity.
|
| 651 |
|
7 |
|a Brazil.
|2 fast
|0 (OCoLC)fst01206830
|
| 655 |
|
7 |
|a Electronic books.
|2 local
|
| 710 |
2 |
|
|a Project Muse.
|e distributor
|
| 830 |
|
0 |
|a Book collections on Project MUSE.
|
| 856 |
4 |
0 |
|z Texto completo
|u https://projectmuse.uam.elogim.com/book/68989/
|
| 945 |
|
|
|a Project MUSE - Custom Collection
|